000 00515nam a2200169 i 4500
001 182301
003 ES-MaACL
005 20230906221558.0
008 130731s1986 sp |||| | spa d
080 _a272(510)
100 1 _aHao, Chih-wei.
_9153133
245 1 1 _a¿Puede el comunismo coexistir pacificamente con la religión? /
_cpor Hao Chih-wei.
260 _a[S.l.] :
_bKuang Lu,
_c1986.
300 _a75 p. ;
_c19 cm.
650 4 _aPersecuciones religiosas-
_zChina.
_9153134
852 _aES-MaACL
_j2317-F-3
999 _c182301
_d182301